Max Weber y la democracia
Đã lưu trong:
| Tác giả chính: | |
|---|---|
| Định dạng: | Texto |
| Được phát hành: |
San José :
|
| Những chủ đề: | |
| Các nhãn: |
Thêm thẻ
Không có thẻ, Là người đầu tiên thẻ bản ghi này!
|
MARC
| LEADER | 00000 a a2200000 04500 | ||
|---|---|---|---|
| 001 | 15556 | ||
| 003 | |||
| 040 | |a CRAI/IIS |c CRAI/IIS | ||
| 090 | |a 029500 | ||
| 100 | |a Rodríguez Sánchez, Carlos | ||
| 245 | |a Max Weber y la democracia | ||
| 260 | |a San José : | ||
| 300 | |a 28 p. | ||
| 650 | |a DEMOCRACIA | ||
| 999 | |c 7188 |d 7188 | ||
